| 000 | 00936nam a2200277Ia 4500 | ||
|---|---|---|---|
| 003 | GCL | ||
| 008 | 140319s9999 xx 000 0 ara d | ||
| 040 |
_aGCL / _cGCL |
||
| 082 | 0 | 4 |
_a155.234 _bم ت |
| 100 | 1 | _aمريم عيسى الخليفى | |
| 245 | 1 | 0 |
_aتاكيد الذات طريقك لحياة افضل / _cمريم عيسى الخليفى |
| 250 | _aالاولى | ||
| 260 |
_aالقاهرة : _bدار العين للنشر ، _c2006 |
||
| 300 |
_a144 ص ؛ _c24 سم |
||
| 650 | 0 | 4 | _aالانا والذات |
| 650 | 0 | 4 | _aالسلوك (علم نفس) |
| 650 | 0 | 4 | _aالسلوك العدوانى |
| 650 | 0 | 4 | _aالصفات والذات |
| 650 | 0 | 4 | _aالسلوك المساير |
| 650 | 0 | 4 | _aالسلوك، انماط |
| 650 | 0 | 4 | _aاحترام الذات |
| 650 | 0 | 4 | _aالمشاعر الايجابية |
| 650 | 0 | 4 | _aالمشاعر السلبية |
| 650 | 0 | 4 | _aالسلوك - تنمية |
| 942 |
_2ddc _cBK |
||
| 999 |
_c9770 _d9770 |
||